10 Najlepszych strzelców reprezentacji Polski - Statystyki

Ogólne statystyki
  • Ten quiz został rozwiązany 50 razy
  • Średni wynik to 7 z 10
Statystyki odpowiedzi
Gole Zawodnik % Poprawnych
84 Robert Lewandowski
100%
45 Grzegorz Lato
91%
24 Zbigniew Boniek
86%
21 Jakub Błaszczykowski
84%
41 Kazimierz Deyna
84%
48 Włodzimierz Lubański
66%
32 Andrzej Szarmach
55%
39 Ernest Pohl
36%
21 Ernest Wilimowski
34%
27 Gerard Cieślik
25%
Nie znaleziono quizów pasujących do podanych kryteriów
Rozkład punktacji
Procent ludzi z każdym wynikiem
Percentyl według liczby udzielonych odpowiedzi
Twoja historia wyników
Nie rozwiązałeś tego quizu